[Event "Campeonato de España Individual"]
[Site "Cala Major-Palma de Mallorca"]
[Date "2009.09.30"]
[Round "5.45"]
[White "Rodriguez Varela, Alvaro"]
[Black "Abadia Pascual, Luis"]
[Result "1/2-1/2"]
[WhiteElo "1805"]
[BlackElo "1958"]
[PlyCount "107"]
[EventDate "2009.09.26"]

1. e4 e6 2. d4 d5 3. exd5 exd5 4. c4 Nf6 5. Nf3 Bb4+ 6. Bd2 Bxd2+ 7. Qxd2 O-O
8. Be2 Nc6 9. c5 Ne4 10. Qd1 Qf6 11. O-O Bg4 12. Nc3 Rad8 13. Re1 Rfe8 14. Bb5
Nxc3 15. Rxe8+ Rxe8 16. bxc3 Bxf3 17. gxf3 Qf4 18. h3 Re6 19. Bf1 Rg6+ 20. Bg2
Qg5 21. Qf1 Nd8 22. Re1 Ne6 23. Re5 Qf4 24. Qe2 h6 25. Qe3 Qf6 26. Kh2 c6 27.
a4 Kf8 28. a5 a6 29. Kh1 Rg5 30. Rxg5 Qxg5 31. Bf1 Qf5 32. Kh2 Qf4+ 33. Kh1 Qf5
34. Kh2 Qb1 35. Bd3 Qa1 36. Bf5 Qxa5 37. Bxe6 Qc7+ 38. f4 fxe6 39. Qxe6 Qxf4+
40. Kg1 Qc1+ 41. Kg2 Qg5+ 42. Kf1 Qe7 43. Qc8+ Kf7 44. Qf5+ Kg8 45. Qc8+ Kh7
46. Qf5+ g6 47. Qf4 Kg7 48. h4 Qf7 49. Qe5+ Qf6 50. Qc7+ Qf7 51. Qe5+ Qf6 52.
Qc7+ Qf7 53. Qe5+ Kh7 54. Kg2 1/2-1/2

[Event "Campeonato de España Individual"]
[Site "Cala Major-Palma de Mallorca"]
[Date "2009.09.30"]
[Round "5.46"]
[White "Milian Calatayud, Jose Luis"]
[Black "Diaz Sanchez, Jose Francisco"]
[Result "1-0"]
[WhiteElo "1718"]
[BlackElo "1926"]
[PlyCount "77"]
[EventDate "2009.09.26"]

1. e4 c5 2. c3 d5 3. e5 Nc6 4. d4 cxd4 5. cxd4 Qb6 6. Nc3 Qxd4 7. Qxd4 Nxd4 8.
Nxd5 Nc2+ 9. Kd2 Nxa1 10. Nc7+ Kd8 11. Nxa8 Bf5 12. Bd3 Nh6 13. b4 e6 14. Kc3
Bxd3 15. Kxd3 Bxb4 16. Bxh6 gxh6 17. Ne2 Kd7 18. Rb1 Bc5 19. Rxb7+ Kc6 20. Rc7+
Kb5 21. Nc3+ Kb4 22. Rb7+ Ka3 23. Nc7 Rd8+ 24. Kc4 Bb6 25. N7b5+ Kb2 26. Na4+
Kxa2 27. Nxb6 axb6 28. Nd6 f6 29. f4 fxe5 30. fxe5 Rg8 31. g3 Rg5 32. Kc3 Rxe5
33. Nc4 Rc5 34. Rxb6 Nc2 35. Rb2+ Ka1 36. Rxc2 Rh5 37. h4 Rf5 38. Kb3 Rb5+ 39.
Ka3 1-0

[Event "Campeonato de España Individual"]
[Site "Cala Major-Palma de Mallorca"]
[Date "2009.09.30"]
[Round "5.47"]
[White "Cerdo Fernandez, Miguel"]
[Black "Lewandowski, Richard"]
[Result "1-0"]
[WhiteElo "1921"]
[BlackElo "1685"]
[PlyCount "69"]
[EventDate "2009.09.26"]

1. e4 c5 2. Nf3 d6 3. d4 cxd4 4. Nxd4 Nf6 5. Nc3 a6 6. Be3 Bd7 7. f3 b5 8. Qd2
Nc6 9. O-O-O Rc8 10. g4 Nxd4 11. Bxd4 e5 12. Be3 Be7 13. g5 Nh5 14. Nd5 Rc6 15.
h4 Be6 16. Nb4 Rb6 17. Bxb6 Qxb6 18. Nd5 Bxd5 19. Qxd5 O-O 20. Kb1 Nf4 21. Qd2
Ne6 22. Be2 Nd4 23. c3 Nxe2 24. Qxe2 a5 25. Rd5 Rb8 26. Qd2 a4 27. a3 Rc8 28.
h5 Bf8 29. g6 fxg6 30. hxg6 h6 31. f4 exf4 32. Qxf4 Rc7 33. Rf5 Qb8 34. Rf7 Be7
35. Rxg7+ 1-0

[Event "Campeonato de España Individual"]
[Site "Cala Major-Palma de Mallorca"]
[Date "2009.09.30"]
[Round "5.51"]
[White "Matas Artigues, Josep"]
[Black "Aguilo Pons, Francesc"]
[Result "1-0"]
[WhiteElo "1716"]
[BlackElo "1899"]
[PlyCount "59"]
[EventDate "2009.09.26"]

1. d4 d5 2. c4 c6 3. Nf3 Nf6 4. Qc2 g6 5. Bf4 Bg7 6. cxd5 Nxd5 7. Be5 Bxe5 8.
Nxe5 Qa5+ 9. Nd2 Be6 10. e4 Nf6 11. Bd3 Nbd7 12. Nef3 h6 13. O-O Qh5 14. Rfc1
Qa5 15. b4 Qd8 16. b5 cxb5 17. h3 Nb6 18. d5 Bd7 19. Qb2 O-O 20. Qe5 Rc8 21.
Qg3 Kg7 22. Ne5 Nh5 23. Qf3 Rxc1+ 24. Rxc1 Bc8 25. Qe3 Qd6 26. Ndf3 Nf6 27. Qd4
Kh7 28. Nh4 Kg7 29. g4 Nbd7 30. Nxd7 1-0

[Event "Campeonato de España Individual"]
[Site "Cala Major-Palma de Mallorca"]
[Date "2009.09.30"]
[Round "5.55"]
[White "Rodriguez Yague, Fermin"]
[Black "Redondo Pomar, Antonio"]
[Result "0-1"]
[WhiteElo "1796"]
[BlackElo "1955"]
[PlyCount "58"]
[EventDate "2009.09.26"]

1. e4 c5 2. Nf3 e6 3. d4 cxd4 4. Nxd4 Nf6 5. Nc3 Nc6 6. Be2 Bb4 7. Bf3 d5 8.
Nxc6 bxc6 9. exd5 cxd5 10. Bd2 Rb8 11. O-O O-O 12. a3 Bd6 13. Rb1 Ba6 14. Re1
Qc7 15. g3 Nd7 16. Bg2 Ne5 17. Bf4 Nc4 18. Bxd6 Qxd6 19. Qc1 Rfc8 20. Nd1 Qb6
21. b3 Qa5 22. Ne3 Nxa3 23. Rb2 Nb5 24. Bf1 Nd4 25. Bxa6 Nf3+ 26. Kh1 Qxa6 27.
Rd1 Qb7 28. Nf1 d4 29. Kg2 Ng5+ 0-1

[Event "Campeonato de España Individual"]
[Site "Cala Major-Palma de Mallorca"]
[Date "2009.10.01"]
[Round "6.2"]
[White "Illescas Cordoba, Miguel"]
[Black "Garza Marco, Sergio"]
[Result "1-0"]
[WhiteElo "2591"]
[BlackElo "2477"]
[PlyCount "88"]
[EventDate "2009.09.26"]

1. Nf3 Nf6 2. c4 e6 3. d4 c5 4. g3 cxd4 5. Nxd4 d5 6. Bg2 e5 7. Nf3 d4 8. O-O
Nc6 9. e3 Be7 10. exd4 exd4 11. Bf4 O-O 12. Ne5 Qb6 13. Qb3 Qc5 14. Re1 Be6 15.
Nd2 Na5 16. Qa4 Qb4 17. Qc2 Qb6 18. a3 Nc6 19. Nxc6 bxc6 20. b4 Rad8 21. Qa4 c5
22. bxc5 Qxc5 23. Re5 Qc8 24. Ra5 Bc5 25. Qc6 Bb6 26. Rb5 Qxc6 27. Bxc6 Bd7 28.
Bxd7 Rxd7 29. Rab1 Rc8 30. a4 h6 31. a5 Bc7 32. Rc5 Kh7 33. Be5 Ng4 34. Nf3 d3
35. Rd1 d2 36. Kg2 Nxe5 37. Nxe5 Re7 38. Nf3 Rb8 39. Rxd2 Rb4 40. Nd4 Rd7 41.
Rd5 Rxd5 42. cxd5 a6 43. d6 Bxd6 44. Nc6 Bc5 1-0

[Event "Campeonato de España Individual"]
[Site "Cala Major-Palma de Mallorca"]
[Date "2009.10.01"]
[Round "6.4"]
[White "Arizmendi Martinez, Julen Luis"]
[Black "Del Rey, Diego"]
[Result "1-0"]
[WhiteElo "2532"]
[BlackElo "2419"]
[PlyCount "71"]
[EventDate "2009.09.26"]

1. Nf3 d5 2. d4 Nf6 3. c4 dxc4 4. e3 Bg4 5. Bxc4 e6 6. Nc3 Nbd7 7. e4 Bb4 8.
Qd3 c5 9. a3 Ba5 10. dxc5 Nxc5 11. Qxd8+ Rxd8 12. b4 Bxf3 13. gxf3 Nd3+ 14.
Bxd3 Rxd3 15. Na4 Bc7 16. Ke2 Rd8 17. Nc5 Be5 18. Rb1 b6 19. Nd3 Bd4 20. Be3
Bxe3 21. fxe3 O-O 22. b5 Nd7 23. Rhc1 Rc8 24. a4 f6 25. Nb4 Nb8 26. f4 Kf7 27.
Kf3 g5 28. h4 h5 29. hxg5 fxg5 30. Nd3 Nd7 31. Rc6 g4+ 32. Kg3 Nb8 33. Ne5+ Kf6
34. Rxc8 Rxc8 35. Rh1 Rc3 36. Rxh5 1-0

[Event "Campeonato de España Individual"]
[Site "Cala Major-Palma de Mallorca"]
[Date "2009.10.01"]
[Round "6.6"]
[White "Alonso Rosell, Alvar"]
[Black "Vehi Bach, Victor Manuel"]
[Result "1/2-1/2"]
[WhiteElo "2487"]
[BlackElo "2381"]
[PlyCount "166"]
[EventDate "2009.09.26"]

1. d4 Nf6 2. c4 e6 3. g3 Bb4+ 4. Nd2 d5 5. Bg2 O-O 6. Ngf3 dxc4 7. O-O c3 8.
Nc4 cxb2 9. Bxb2 Nbd7 10. Qb3 Be7 11. Rfd1 Nb6 12. Nfe5 Nxc4 13. Nxc4 a5 14.
Rab1 a4 15. Qd3 Nd5 16. Ba3 Ra6 17. e4 Nb6 18. Nxb6 Rxb6 19. Rxb6 cxb6 20. d5
exd5 21. exd5 Bd6 22. Rc1 Bf5 23. Qc3 Qd7 24. h3 h5 25. h4 Re8 26. Bf3 Bg4 27.
Bxd6 Qxd6 28. Bxg4 hxg4 29. Qc4 Qc5 30. Qxc5 bxc5 31. Rxc5 Re1+ 32. Kg2 Rd1 33.
Rb5 Rd2 34. Rxb7 Rxa2 35. Rb8+ Kh7 36. Rb4 a3 37. Rxg4 Rd2 38. Ra4 a2 39. d6
Rxd6 40. Rxa2 Rd3 41. Ra7 f6 42. Kh3 Rf3 43. Kg2 Rb3 44. g4 Rc3 45. f3 Kh6 46.
Rb7 Rc6 47. Rd7 Ra6 48. Kg3 Rb6 49. Rc7 Ra6 50. Rc8 Rb6 51. Rh8+ Kg6 52. Rd8
Ra6 53. h5+ Kh7 54. Rd7 Ra3 55. Rd6 Rb3 56. Re6 Ra3 57. Kf2 Rb3 58. f4 Rb5 59.
Kf3 Ra5 60. Re8 Rb5 61. Re3 Ra5 62. Rd3 Rb5 63. Ke4 Kh6 64. Rd8 f5+ 65. gxf5
Kxh5 66. Rg8 Rb4+ 67. Kd5 Rb5+ 68. Ke6 Rb6+ 69. Ke7 Rb7+ 70. Kf8 Kg4 71. f6 Kf5
72. Rxg7 Rb8+ 73. Ke7 Rb7+ 74. Kd6 Rb6+ 75. Ke7 Rb7+ 76. Ke8 Rb8+ 77. Ke7 Rb7+
78. Kd8 Rb8+ 79. Kc7 Rf8 80. f7 Kf6 81. Rg5 Rxf7+ 82. Kc6 Ra7 83. Kb5 Re7
1/2-1/2

[Event "Campeonato de España Individual"]
[Site "Cala Major-Palma de Mallorca"]
[Date "2009.10.01"]
[Round "6.7"]
[White "Camacho Collados, Marcos"]
[Black "Cacho Reigadas, Sergio"]
[Result "0-1"]
[WhiteElo "2401"]
[BlackElo "2484"]
[PlyCount "94"]
[EventDate "2009.09.26"]

1. e4 c5 2. Nf3 e6 3. g3 Nc6 4. Bg2 Nf6 5. Nc3 d6 6. d4 cxd4 7. Nxd4 Bd7 8. O-O
Be7 9. a4 O-O 10. Nxc6 bxc6 11. b3 e5 12. Ba3 Qc7 13. h3 Rfe8 14. Qe2 Rad8 15.
Rad1 Bc8 16. Rfe1 a5 17. Rd2 Nd7 18. Red1 Nf8 19. Qc4 Qb6 20. Qf1 Ne6 21. Ne2
Ba6 22. Qe1 Qc7 23. h4 Bf8 24. Rb1 g6 25. Rdd1 Bh6 26. Bb2 f5 27. exf5 gxf5 28.
c4 Bb7 29. Bc3 Ra8 30. Qf1 Nc5 31. Bd2 Bg7 32. Be3 Ne6 33. Bh3 Rf8 34. Qe1 d5
35. cxd5 cxd5 36. Rbc1 Qf7 37. Bb6 d4 38. Kh2 Qh5 39. Bg2 Rab8 40. Ba7 Bxg2 41.
Kxg2 Rxb3 42. Ng1 f4 43. Qe4 fxg3 44. fxg3 Nf4+ 45. gxf4 Qg4+ 46. Kh1 Qxh4+ 47.
Kg2 Rg3+ 0-1

[Event "Campeonato de España Individual"]
[Site "Cala Major-Palma de Mallorca"]
[Date "2009.10.01"]
[Round "6.8"]
[White "Del Rio de Angelis, Salvador Gabriel"]
[Black "Menvielle Laccourreye, Augusto"]
[Result "1-0"]
[WhiteElo "2559"]
[BlackElo "2254"]
[PlyCount "33"]
[EventDate "2009.09.26"]

1. d4 f5 2. e4 fxe4 3. Nc3 Nf6 4. Bg5 d6 5. f3 exf3 6. Nxf3 e6 7. Bc4 Be7 8.
Qe2 d5 9. Bb5+ c6 10. Bd3 Nbd7 11. O-O Qb6 12. a3 Nf8 13. Kh1 Bd7 14. b4 O-O-O
15. Bf4 Re8 16. Na4 Qd8 17. Qe5 1-0

[Event "Campeonato de España Individual"]
[Site "Cala Major-Palma de Mallorca"]
[Date "2009.10.01"]
[Round "6.10"]
[White "Aloma Vidal, Robert"]
[Black "Hernandez Gallardo, Fco Javier"]
[Result "1-0"]
[WhiteElo "2462"]
[BlackElo "2360"]
[PlyCount "85"]
[EventDate "2009.09.26"]

1. d4 Nf6 2. Nf3 e6 3. e3 b6 4. Bd3 Bb7 5. O-O c5 6. c4 Be7 7. Nc3 O-O 8. d5
exd5 9. cxd5 d6 10. e4 Nbd7 11. a4 a6 12. Nd2 Re8 13. f4 Bf8 14. Qf3 Qb8 15. b3
g6 16. Bb2 Bg7 17. Kh1 Re7 18. Rae1 Qf8 19. Nc4 Ne8 20. Qg3 Bd4 21. e5 b5 22.
Ne3 b4 23. Ncd1 Qg7 24. Qh4 f6 25. e6 Nb6 26. Rf3 Qf8 27. Rh3 f5 28. Bxf5 gxf5
29. Nxf5 Nf6 30. Nxe7+ Qxe7 31. Ne3 Nfxd5 32. Qg4+ Qg7 33. Qxg7+ Kxg7 34. Nf5+
Kg6 35. Nxd4 cxd4 36. Bxd4 Nc8 37. f5+ Kxf5 38. Rxh7 Nce7 39. Rf7+ Kg6 40. Re4
Bc6 41. Rg4+ Kh5 42. h3 Ng8 43. Rf5+ 1-0

[Event "Campeonato de España Individual"]
[Site "Cala Major-Palma de Mallorca"]
[Date "2009.10.01"]
[Round "6.13"]
[White "Narciso Dublan, Març"]
[Black "Vega Gutierrez, Belinda"]
[Result "1/2-1/2"]
[WhiteElo "2533"]
[BlackElo "2218"]
[PlyCount "49"]
[EventDate "2009.09.26"]

1. c4 e5 2. g3 Nf6 3. Bg2 d5 4. cxd5 Nxd5 5. Nc3 Nb6 6. Nf3 Nc6 7. O-O Be7 8.
b3 O-O 9. Bb2 Be6 10. Rc1 Qd7 11. Ne4 f6 12. d4 exd4 13. Nxd4 Nxd4 14. Bxd4
Rfd8 15. e3 Nd5 16. Qc2 b6 17. Qc6 Qxc6 18. Rxc6 Bd7 19. Rcc1 Be6 20. Nc3 c5
21. Nxd5 Bxd5 22. Bc3 Bxg2 23. Kxg2 a5 24. a4 b5 25. axb5 1/2-1/2

[Event "Campeonato de España Individual"]
[Site "Cala Major-Palma de Mallorca"]
[Date "2009.10.01"]
[Round "6.14"]
[White "Iñigo Muñoz, Javier"]
[Black "Almagro Llamas, Pablo"]
[Result "0-1"]
[WhiteElo "2167"]
[BlackElo "2470"]
[PlyCount "46"]
[EventDate "2009.09.26"]

1. d4 d5 2. e3 Nf6 3. Bd3 c5 4. c3 Nc6 5. f4 g6 6. Nf3 Bf5 7. O-O Bg7 8. b3 O-O
9. Bxf5 gxf5 10. dxc5 e6 11. Nd4 Ne4 12. b4 a5 13. Bb2 axb4 14. cxb4 Nxb4 15.
g4 fxg4 16. Qxg4 Qf6 17. Nc3 Qg6 18. Qxg6 hxg6 19. Nxe4 dxe4 20. a4 Rfc8 21.
Rfb1 Nd3 22. Ba3 Rxa4 23. Rxb7 Rxd4 0-1

[Event "Campeonato de España Individual"]
[Site "Cala Major-Palma de Mallorca"]
[Date "2009.10.01"]
[Round "6.15"]
[White "Planas Gene, Juan"]
[Black "Estremera Panos, Sergio"]
[Result "1/2-1/2"]
[WhiteElo "2130"]
[BlackElo "2402"]
[PlyCount "83"]
[EventDate "2009.09.26"]

1. d4 Nf6 2. c4 e6 3. Nc3 Bb4 4. e3 O-O 5. Bd3 d5 6. Nf3 c5 7. O-O dxc4 8. Bxc4
Nbd7 9. a3 cxd4 10. exd4 Bxc3 11. bxc3 Qc7 12. Qb3 b6 13. Bg5 Bb7 14. Be2 Rac8
15. Rac1 Ng4 16. g3 Qc6 17. c4 e5 18. d5 Qg6 19. Be7 Rfe8 20. Nh4 Qh5 21. Bb4
Qg5 22. Qf3 Nh6 23. Rfd1 e4 24. Qf4 Qxf4 25. gxf4 f5 26. h3 g6 27. a4 Nc5 28.
a5 bxa5 29. Ba3 Nf7 30. Ng2 Nd6 31. Ne3 Ba6 32. Rc3 Red8 33. Ra1 Rc7 34. Bc1 a4
35. Ba3 Bc8 36. Bxc5 Rxc5 37. Rxa4 Bd7 38. Ra6 Bc8 39. Rc6 Rxc6 40. dxc6 Be6
41. Nd5 Kf7 42. Rb3 1/2-1/2

[Event "Campeonato de España Individual"]
[Site "Cala Major-Palma de Mallorca"]
[Date "2009.10.01"]
[Round "6.16"]
[White "Mascaro March, Pedro"]
[Black "Serra Olives, Tomas"]
[Result "1-0"]
[WhiteElo "2369"]
[BlackElo "2145"]
[PlyCount "133"]
[EventDate "2009.09.26"]

1. d4 Nf6 2. c4 e6 3. Nc3 Bb4 4. Qc2 O-O 5. a3 Bxc3+ 6. Qxc3 b5 7. cxb5 c6 8.
e3 cxb5 9. Bxb5 Bb7 10. f3 Nd5 11. Qb3 Nc6 12. Ne2 Rb8 13. Qd3 Qa5+ 14. Bd2
Ncb4 15. O-O Nxd3 16. Bxa5 Nxb2 17. Rab1 Bc6 18. Bxc6 dxc6 19. e4 Nc4 20. Bb4
Nxb4 21. Rxb4 Nb6 22. Rc1 Rfc8 23. Nf4 Kf8 24. Nd3 Nd7 25. Rxb8 Rxb8 26. Nb4 a5
27. Nxc6 Rc8 28. Kf2 Nb8 29. d5 Nxc6 30. dxc6 e5 31. Rc5 f6 32. Rxa5 Rxc6 33.
Ra7 h5 34. Kg3 Rc2 35. a4 Kg8 36. a5 Kh7 37. a6 Ra2 38. h4 Kg6 39. Ra8 Kf7 40.
a7 Kg6 41. Kh2 Kh7 42. Kg1 Ra1+ 43. Kf2 Ra2+ 44. Ke3 Ra3+ 45. Kd2 g6 46. Kc2
Kg7 47. Kb2 Ra6 48. Kb3 Ra1 49. Kc4 Ra5 50. Kb4 Ra1 51. Kc5 Ra6 52. Kd5 Ra5+
53. Ke6 Ra6+ 54. Ke7 Ra2 55. g3 Ra4 56. Ke8 Ra3 57. Kd7 Ra4 58. Kd6 Ra6+ 59.
Kc5 Ra1 60. Kc4 Ra4+ 61. Kd3 Ra3+ 62. Kc2 Ra2+ 63. Kb3 Ra6 64. f4 exf4 65. gxf4
Rb6+ 66. Kc3 Rb7 67. Rg8+ 1-0

[Event "Campeonato de España Individual"]
[Site "Cala Major-Palma de Mallorca"]
[Date "2009.10.01"]
[Round "6.18"]
[White "Gutierrez Castillo, Oscar"]
[Black "Alvarez Fernandez, Enrique"]
[Result "0-1"]
[WhiteElo "2130"]
[BlackElo "2340"]
[PlyCount "74"]
[EventDate "2009.09.26"]

1. e4 c5 2. Nf3 a6 3. c4 e6 4. Nc3 b6 5. d4 cxd4 6. Nxd4 Bb7 7. Be2 Qc7 8. O-O
Nf6 9. f3 d6 10. Be3 Nbd7 11. Qd2 Be7 12. Nc2 Rc8 13. Rfd1 O-O 14. Rac1 Qb8 15.
Qe1 Bd8 16. Qf2 Bc7 17. h3 Rfe8 18. b3 d5 19. cxd5 exd5 20. Nxd5 Nxd5 21. exd5
Bg3 22. Qf1 Rxc2 23. Rxc2 Rxe3 24. Bxa6 Bxa6 25. Qxa6 Nc5 26. Qc4 Qe8 27. Qb4
Bd6 28. Qh4 h6 29. Kf1 Nd3 30. Rc3 g5 31. Rc8 Qxc8 32. Qxh6 Bf4 33. Qc6 Qxc6
34. dxc6 Bg3 35. a3 Kf8 36. b4 Ke7 37. a4 Nxb4 0-1

[Event "Campeonato de España Individual"]
[Site "Cala Major-Palma de Mallorca"]
[Date "2009.10.01"]
[Round "6.19"]
[White "Gutierrez Castillo, Paloma"]
[Black "Fernandez Siles, Luis"]
[Result "0-1"]
[WhiteElo "2151"]
[BlackElo "2334"]
[PlyCount "54"]
[EventDate "2009.09.26"]

1. e4 c5 2. Nf3 g6 3. c3 Bg7 4. d4 cxd4 5. cxd4 d5 6. e5 Nc6 7. h3 Nh6 8. Be3
O-O 9. Nc3 Nf5 10. g4 Nxe3 11. fxe3 f6 12. exf6 exf6 13. Qb3 Be6 14. Qxb7 Qd6
15. Kf2 Rab8 16. Nb5 Rxb7 17. Nxd6 Rxb2+ 18. Be2 Rfb8 19. Rhc1 Nb4 20. Ne1 Bf8
21. a3 Na2 22. Rc6 Bd7 23. Rc7 Ba4 24. Nb7 Bb5 25. Nc2 Bc4 26. Na5 Rxc2 27.
Nxc4 Nc1 0-1

[Event "Campeonato de España Individual"]
[Site "Cala Major-Palma de Mallorca"]
[Date "2009.10.01"]
[Round "6.22"]
[White "Fenollar Jorda, Manuel"]
[Black "Planells Roig, Jose"]
[Result "1-0"]
[WhiteElo "2311"]
[BlackElo "2108"]
[PlyCount "63"]
[EventDate "2009.09.26"]

1. d4 f5 2. Nf3 Nf6 3. Bg5 e6 4. Nbd2 Be7 5. Bxf6 Bxf6 6. e4 d5 7. exf5 exf5 8.
Ne5 O-O 9. f4 c5 10. dxc5 Bxe5 11. fxe5 Nc6 12. Nf3 Nxe5 13. Be2 Nxf3+ 14. Bxf3
Re8+ 15. Kf2 Be6 16. Qd4 Qc7 17. Rhe1 Kh8 18. Re5 b6 19. cxb6 axb6 20. c4 Bg8
21. Rae1 Rxe5 22. Rxe5 Rxa2 23. Re8 Qd7 24. Qe5 Rxb2+ 25. Kg3 f4+ 26. Kh4 Rd2
27. Bxd5 Rxd5 28. cxd5 Qf7 29. d6 f3 30. gxf3 h6 31. Re7 Qc4+ 32. Kg3 1-0

[Event "Campeonato de España Individual"]
[Site "Cala Major-Palma de Mallorca"]
[Date "2009.10.01"]
[Round "6.23"]
[White "Montoya Irigoyen, Iñigo"]
[Black "Gaya Llodra, Juan"]
[Result "0-1"]
[WhiteElo "2070"]
[BlackElo "2218"]
[PlyCount "90"]
[EventDate "2009.09.26"]

1. Nf3 Nf6 2. c4 c6 3. g3 g6 4. Bg2 Bg7 5. O-O O-O 6. d4 d5 7. b3 Ne4 8. Bb2 f5
9. Ne5 f4 10. Nc3 Nxc3 11. Bxc3 Be6 12. gxf4 Rxf4 13. e3 Rf8 14. Qe2 Nd7 15.
Nd3 Nf6 16. Rac1 Ne4 17. Rfd1 Qe8 18. Be1 Rf5 19. f3 Nf6 20. Kh1 Rg5 21. Nf4
Bd7 22. Bh4 Rf5 23. Bh3 Rxf4 24. Bxd7 Qxd7 25. exf4 dxc4 26. bxc4 Qf5 27. Bxf6
Bxf6 28. Qe4 Qh3 29. d5 Kg7 30. dxc6 bxc6 31. Qxc6 Rc8 32. Qe4 Bh4 33. Rc2 Rf8
34. Rg2 Kh6 35. Rdg1 Rf6 36. Rg4 Rf5 37. R1g2 Bf6 38. c5 Qh5 39. c6 Rc5 40. Rc2
Rxc2 41. Qxc2 Qd5 42. Rg3 Qb5 43. Rg1 Bd4 44. Rd1 Bc5 45. Rd5 Qf1# 0-1

[Event "Campeonato de España Individual"]
[Site "Cala Major-Palma de Mallorca"]
[Date "2009.10.01"]
[Round "6.24"]
[White "Lorente Penalba, Diego"]
[Black "Serrano Bozada, Esteban"]
[Result "1/2-1/2"]
[WhiteElo "2120"]
[BlackElo "2217"]
[PlyCount "116"]
[EventDate "2009.09.26"]

1. e4 e6 2. d4 d5 3. e5 c5 4. c3 Qb6 5. Nf3 Nc6 6. Bd3 cxd4 7. cxd4 Bd7 8. O-O
Nxd4 9. Nbd2 Nxf3+ 10. Nxf3 Bb5 11. Be3 Qa6 12. Bxb5+ Qxb5 13. Nd4 Qd7 14. Rc1
Ne7 15. Qe2 a6 16. Rc3 Nc6 17. Nxc6 bxc6 18. Qg4 g6 19. Rfc1 Bg7 20. Qb4 Bf8
21. Qb6 Bg7 22. Qb4 Bf8 23. Bc5 Bxc5 24. Qxc5 Rc8 25. Ra3 Qe7 26. Rxa6 Qxc5 27.
Rxc5 Kd7 28. b4 Rc7 29. f4 Rb8 30. a3 Rb5 31. Ra5 Rxa5 32. Rxa5 c5 33. bxc5 Kc6
34. Kf2 Rb7 35. Ke3 Rb3+ 36. Ke2 d4 37. Ra7 Kxc5 38. Rxf7 Rxa3 39. g4 Rh3 40.
f5 gxf5 41. gxf5 Rxh2+ 42. Kd3 Rh3+ 43. Kd2 Kd5 44. Rd7+ Kxe5 45. fxe6 Kxe6 46.
Rxd4 Ke5 47. Ra4 Kf5 48. Ke2 Rg3 49. Kf2 Rg6 50. Ra7 h5 51. Ra5+ Kg4 52. Kg2
Kh4+ 53. Kh2 Rg4 54. Ra2 Rb4 55. Rc2 Kg4 56. Ra2 h4 57. Rc2 h3 58. Ra2 Kh4
1/2-1/2

[Event "Campeonato de España Individual"]
[Site "Cala Major-Palma de Mallorca"]
[Date "2009.10.01"]
[Round "6.25"]
[White "Galiana Salom, Juan Ramon"]
[Black "Revilla Rio, Francisco"]
[Result "0-1"]
[WhiteElo "2216"]
[BlackElo "2094"]
[PlyCount "68"]
[EventDate "2009.09.26"]

1. e4 e5 2. Nf3 Nc6 3. Bb5 a6 4. Ba4 Nf6 5. Qe2 b5 6. Bb3 Bc5 7. c3 O-O 8. O-O
Re8 9. a4 Rb8 10. d3 d6 11. axb5 axb5 12. Bg5 Be6 13. Bd5 Bxd5 14. exd5 Ne7 15.
Bxf6 gxf6 16. Nh4 Nxd5 17. Nf5 Kh8 18. Qf3 Nf4 19. g3 Qd7 20. Ne3 Rg8 21. Kh1
Qh3 22. d4 Bb6 23. Nd2 Nh5 24. Nd5 f5 25. Ne7 Rge8 26. Nxf5 exd4 27. cxd4 Re6
28. Ne4 f6 29. Nh4 Ng7 30. d5 Re5 31. Nxf6 Rf8 32. Qf4 Nf5 33. Nd7 Re4 34. Qg5
Nxh4 0-1

[Event "Campeonato de España Individual"]
[Site "Cala Major-Palma de Mallorca"]
[Date "2009.10.01"]
[Round "6.26"]
[White "Miguelez Garcia, Erlantz"]
[Black "Ruiz Marana, Alejandro"]
[Result "0-1"]
[WhiteElo "1948"]
[BlackElo "2204"]
[PlyCount "83"]
[EventDate "2009.09.26"]

1. c4 e5 2. Nc3 Nc6 3. g3 f5 4. Bg2 Nf6 5. d3 Bb4 6. Bg5 O-O 7. e3 Bxc3+ 8.
bxc3 d6 9. Rb1 Qe8 10. Bxf6 Rxf6 11. Nf3 Rb8 12. O-O Bd7 13. Ne1 b6 14. Nc2 a5
15. Qd2 f4 16. exf4 exf4 17. Rbe1 Qh5 18. Bd5+ Kh8 19. f3 fxg3 20. hxg3 Rh6 21.
f4 Rf8 22. Qg2 Bh3 23. Qf2 Bxf1 24. Rxf1 Ne7 25. Bf3 Qh3 26. Qg2 Nf5 27. g4
Qxg2+ 28. Bxg2 Nh4 29. Bd5 Rhf6 30. Kh2 Rxf4 31. Rxf4 Rxf4 32. Kg3 g5 33. Nd4
Rf1 34. Ne6 Rg1+ 35. Kf2 Rxg4 36. Nxc7 Rf4+ 37. Kg3 Nf5+ 38. Kh2 g4 39. Be4
Rf2+ 40. Kg1 g3 41. Nd5 h5 42. Nxb6 0-1

[Event "Campeonato de España Individual"]
[Site "Cala Major-Palma de Mallorca"]
[Date "2009.10.01"]
[Round "6.27"]
[White "Solino Nebot, Leonardo"]
[Black "Garcia Rodriguez, Victor"]
[Result "0-1"]
[WhiteElo "2174"]
[BlackElo "2086"]
[PlyCount "74"]
[EventDate "2009.09.26"]

1. e4 e5 2. Nf3 Nc6 3. d4 exd4 4. Bc4 Qf6 5. c3 Bc5 6. Bg5 Qg6 7. O-O h6 8. Bh4
dxc3 9. Nxc3 d6 10. Nd5 Bb6 11. e5 Nge7 12. Nxe7 Nxe7 13. exd6 Qxd6 14. Ne5 Be6
15. Bxe6 Qxe6 16. Bxe7 Qxe7 17. Ng6 fxg6 18. Re1 Bxf2+ 19. Kxf2 O-O+ 20. Kg1
Qc5+ 21. Kh1 Rad8 22. Qg4 Qf5 23. Qc4+ Qf7 24. Qb4 b6 25. h3 c5 26. Qc3 Kh7 27.
Re3 Qf6 28. Qc2 Qd4 29. Rg3 Rf6 30. Re1 Rdf8 31. Kh2 h5 32. Re4 Qd6 33. Rh4 Rf5
34. Qc3 Rg5 35. Re4 Rf2 36. a4 Rf1 37. b3 Rxg3 0-1

[Event "Campeonato de España Individual"]
[Site "Cala Major-Palma de Mallorca"]
[Date "2009.10.01"]
[Round "6.28"]
[White "Oms Pallisse, Josep"]
[Black "Guadamuro Torrente, Anabel"]
[Result "1-0"]
[WhiteElo "2498"]
[BlackElo "2142"]
[PlyCount "77"]
[EventDate "2009.09.26"]

1. d4 d5 2. c4 c6 3. Nf3 Nf6 4. Nc3 a6 5. a4 e6 6. g3 Nbd7 7. Bg2 Bb4 8. O-O
O-O 9. Qc2 Re8 10. Bf4 Nf8 11. Ne5 Ng6 12. Nxg6 hxg6 13. Qb3 Bf8 14. a5 dxc4
15. Qxc4 Nd5 16. Bd2 Nxc3 17. Bxc3 Bd6 18. Rfd1 Qe7 19. f4 c5 20. Kh1 g5 21. e3
gxf4 22. exf4 b5 23. axb6 Bb7 24. d5 Rad8 25. dxe6 fxe6 26. Be4 Qf7 27. Bxb7
Qxb7+ 28. Kg1 Qf3 29. Rd3 Qg4 30. Rad1 Be7 31. Rxd8 Rxd8 32. Rxd8+ Bxd8 33. b7
Bc7 34. Qe4 Qd1+ 35. Kg2 Qd7 36. h4 Qe7 37. h5 Qf7 38. Qc6 Qe7 39. Be5 1-0

[Event "Campeonato de España Individual"]
[Site "Cala Major-Palma de Mallorca"]
[Date "2009.10.01"]
[Round "6.31"]
[White "Gelabert Mari, Llorenç"]
[Black "Pont Mulet, Antonio"]
[Result "1-0"]
[WhiteElo "2083"]
[BlackElo "2232"]
[PlyCount "89"]
[EventDate "2009.09.26"]

1. d4 Nf6 2. Nf3 g6 3. e3 Bg7 4. b3 d5 5. Bd3 O-O 6. O-O b6 7. Bb2 c5 8. c4
cxd4 9. Bxd4 Nc6 10. Bc3 Bb7 11. Na3 Re8 12. cxd5 Qxd5 13. Qe2 Qh5 14. Rac1 e5
15. Nd2 Qh6 16. Ne4 Nd4 17. Nxf6+ Bxf6 18. Qg4 Ne6 19. Be4 Bxe4 20. Qxe4 Qf8
21. Nc4 b5 22. Qf3 Qe7 23. Nd6 Ng5 24. Qc6 Qe6 25. Ba5 Rf8 26. h4 Nh3+ 27. gxh3
Qxh3 28. Qg2 Qxh4 29. Nxb5 Bg7 30. Rc4 Qh5 31. Qg4 Qh6 32. Qh4 f5 33. Qxh6 Bxh6
34. Bb4 Rfd8 35. Rfc1 f4 36. exf4 Bxf4 37. R1c2 Kg7 38. Nc7 Rd1+ 39. Kg2 Rb8
40. Ne6+ Kf6 41. Nxf4 exf4 42. Rxf4+ Kg5 43. Rfc4 h5 44. Bd2+ Kf5 45. Be3 1-0